| 000 | 01323nam a2200313 i 4500 | ||
|---|---|---|---|
| 005 | 20240305165358.0 | ||
| 007 | cr|||| |||| | ||
| 008 | 110301s2010 sp 000 spad| | ||
| 017 | _aD.L.: B. 37.199-2010 | ||
| 020 | _a9788415179009 | ||
| 035 | _a6515 | ||
| 040 |
_aUGR _dBUS _dvLex |
||
| 080 | _a658.14 | ||
| 090 |
_c3310 _d3310 |
||
| 100 | 1 | _aVázquez Torres, Ángel Luis | |
| 245 | 1 | 0 |
_aManual para la financiación de la PYME _h[Recurso electrónico] / _cÁngel Luis Vázquez Torres, Domingo Carbajo Vasco, Fidelio López Peláez. |
| 250 | _a2a ed. | ||
| 256 | _aServicio en línea | ||
| 260 |
_aBarcelona : _bExperiencia, _c2010. |
||
| 300 | _a1 recurso electrónico | ||
| 506 | 1 |
_aContenido solo disponible en los productos indicados _dvLex Global _dvLex Global (Academic Edition, excluding Law Schools) _dvLex Global (U.S. Academic Edition, Law Schools) _dvLex Global (U.S. Academic Edition, excluding Law Schools) _dvLex Global (Academic Edition, Law Schools) |
|
| 650 | 0 | 4 |
_aEmpresas _xFinanciación |
| 650 | 0 | 4 |
_aPequeñas y medianas empresas _xFinanzas. |
| 700 | 1 |
_aCarbajo Vasco, Domingo, _ecoaut. |
|
| 700 | 1 |
_aLópez Peláez, Fidelio, _ecoaut. |
|
| 740 | 0 | _avLex Libros (Servicio en línea) | |
| 856 | 4 | 0 | _uhttps://app.vlex.com/#/sources/manual-financiacion-pyme-6515 |
| 942 | _cRAA | ||
| 999 |
_c161710 _d161710 |
||